Résultats des Championnats du monde d'Escrime. - Statistiques

Statistiques générales
  • Ce quiz a été pris 220 fois
  • Le résultat moyen est 16 sur 22
Statistiques - réponses
Or Argent Bronze Pays Total % Correct
91 92 94 France 277
100%
11 13 15 États-Unis 38
98%
116 103 130 Italie 349
97%
148 86 85 Russie 319
96%
8 19 16 Chine 43
91%
47 62 64 Allemagne 173
89%
91 86 93 Hongrie 266
84%
2 2 6 Espagne 10
82%
8 11 25 Corée du Sud 44
80%
3 6 9 Royaume-Uni 18
80%
2 9 13 Suisse 24
76%
12 12 19 Ukraine 43
75%
17 29 41 Pologne 87
72%
2 4 10 Belgique 16
70%
7 15 21 Suède 43
66%
3 3 6 Pays Bas 12
63%
13 22 30 Roumanie 65
61%
4 4 9 Autriche 17
61%
5 3 4 Danemark 12
55%
6 5 9 Cuba 20
39%
5 6 6 Estonie 17
29%
2 1 4 Azerbaïdjan 7
8%
Aucun quiz correspondant
Distribution des résultats
% des personnes avec chaque résultat
Percentile par nombre de réponses
Votre historique - résultats
Vous n’avez pas pris ce quiz